Pathways to psychology /

Sparad:
Bibliografiska uppgifter
Huvudupphovsman: Sternberg, Robert J.
Övriga upphovsmän: Doyle, Susann M., Pastorino, Ellen E.
Materialtyp: Sách giấy
Språk:English
Publicerad: Fort : Harcourt, 1997
Taggar: Lägg till en tagg
Inga taggar, Lägg till första taggen!
Thư viện lưu trữ: Thư viện Trường Đại học Đà Lạt
LEADER 00642nam a2200265 4500
001 DLU020017991
005 ##5/9/2001
020 # # |a 978- 
041 # # |a eng 
082 # # |a 150  |b ST-R 
100 # # |a Sternberg, Robert J. 
245 # # |a Pathways to psychology /  |c Robert J. Sternberg, Ellen E. Pastorino, Susann M. Doyle 
260 # # |a Fort :  |b Harcourt,  |c 1997 
300 # # |a 272 tr.;   |c 28 cm. 
700 # # |a Doyle, Susann M. 
700 # # |a Pastorino, Ellen E. 
992 # # |a 0 
994 # # |a DLU 
900 # # |a False 
911 # # |a Administrator 
925 # # |a G 
926 # # |a A 
927 # # |a SH 
980 # # |a Thư viện Trường Đại học Đà Lạt